I am a dream to my village: (Record no. 92906)
[ view plain ]
| 000 -LEADER | |
|---|---|
| fixed length control field | 01021nam a22002777a 4500 |
| 005 - DATE AND TIME OF LATEST TRANSACTION | |
| control field | 20230627155434.0 |
| 010 ## - LCCN (DPL NO) | |
| LC control number | ENG-112673 ENG-137129 |
| 020 ## - INTERNATIONAL STANDARD BOOK NUMBER | |
| Terms of availability | 135.00 |
| International Standard Book Number | 8123763077 |
| 020 ## - INTERNATIONAL STANDARD BOOK NUMBER | |
| International Standard Book Number | 9788123763071 |
| Terms of availability | 135.00 |
| 035 ## - SYSTEM CONTROL NUMBER | |
| System control number | EN-96205 EN-120661 |
| 037 ## - SOURCE OF ACQUISITION | |
| Source of stock number/acquisition | DBAD/PUB |
| 082 ## - DEWEY DECIMAL CLASSIFICATION NUMBER | |
| Classification number | 909.04914 |
| 100 ## - MAIN ENTRY--PERSONAL NAME | |
| Personal name | Lalla, Kenneth R. |
| 245 00 - TITLE STATEMENT | |
| Title | I am a dream to my village: |
| Remainder of title | from India to Trinidad/ |
| Statement of responsibility, etc | by Kenneth R. Lalla |
| 260 ## - PUBLICATION, DISTRIBUTION, ETC. (IMPRINT) | |
| Place of publication, distribution, etc | New Delhi |
| Name of publisher, distributor, etc | National Book Trust |
| Date of publication, distribution, etc | 2011 |
| 270 ## - ADDRESS | |
| Address | Nehru Bhawan, 5 Institutional area, Phase-ll Vasant Kunj |
| City | New Delhi |
| Postal code | 110070 |
| 300 ## - PHYSICAL DESCRIPTION | |
| Extent | 401p., [8] p. of plates : |
| Dimensions | 22cm(pbk) |
| Other physical details | ill.(chiefly col.) |
| 490 ## - SERIES STATEMENT | |
| Series statement | Indian diaspora studies |
| 500 ## - GENERAL NOTE | |
| General note | Includes bibliographical references. |
| 600 ## - SUBJECT ADDED ENTRY--PERSONAL NAME | |
| Personal name | Lalla, Kenneth R. |
| 650 ## - SUBJECT ADDED ENTRY--TOPICAL TERM | |
| Topical term or geographic name as entry element | South Asian diaspora |
| Form subdivision | Biography. |
| 650 ## - SUBJECT ADDED ENTRY--TOPICAL TERM | |
| Topical term or geographic name as entry element | East Indian diaspora |
| Form subdivision | Biography. |
| 650 ## - SUBJECT ADDED ENTRY--TOPICAL TERM | |
| Topical term or geographic name as entry element | East Indians |
| Geographic subdivision | Caribbean Area |
| Form subdivision | Biography. |
| 650 ## - SUBJECT ADDED ENTRY--TOPICAL TERM | |
| Topical term or geographic name as entry element | Lawyers |
| Geographic subdivision | Trinidad |
| Form subdivision | Biography. |
| 942 ## - ADDED ENTRY ELEMENTS (KOHA) | |
| Source of classification or shelving scheme | Dewey Decimal Classification |
| Item type | English Books |
| Call number suffix | LAL |
| Classification part | 909.04914 |
| Withdrawn status | Lost status | Not for loan | Collection code | Home library | Current library | Date acquired | Source of acquisition | Cost, normal purchase price | Full call number | Barcode | Copy number | Cost, replacement price | Koha item type |
|---|---|---|---|---|---|---|---|---|---|---|---|---|---|
| Non-fiction | Bawana | Bawana | 14/06/2023 | DBAD/PUB | 135.00 | 909.04914 LAL | EN-120661 | 1 | 135.00 | English Books | |||
| Not For Loan | Non-fiction | D.B.Act.Division | D.B.Act.Division | 13/04/2015 | DBAD/PUB | 205.00 | 909.04914 LAL | EN-96205 | 1 | 205.00 | English Books |
